[Event "Main Vogelsberg op 5th"]
[Site "Hanau"]
[Date "2010.05.02"]
[Round "6"]
[White "Hilbenz, Guntram"]
[Black "Beck, Manfred"]
[Result "1-0"]
[WhiteElo "1916"]
[BlackElo "2046"]
[PlyCount "93"]
[EventDate "2010.04.28"]
[EventType "swiss"]
[EventRounds "7"]
[EventCountry "GER"]
[SourceTitle "CBM 136 Extra"]
[Source "ChessBase"]
[SourceDate "2010.07.02"]
[SourceVersion "2"]
[SourceVersionDate "2010.07.15"]
[SourceQuality "1"]

1. Nf3 d5 2. c4 c6 3. Qa4 Nf6 4. cxd5 Nxd5 5. g3 Nd7 6. a3 g6 7. Nc3 Bg7 8. Bg2 0-0 9. 0-0 e5 10. d3 h6 11. Bd2 Nc5 12. Qc2 Ne6 13. b4 Nxc3 14. Bxc3 Nd4 15. Nxd4 exd4 16. Bb2 Be6 17. b5 cxb5 18. Bxb7 Rb8 19. Bg2 Rc8 20. Qd2 Qd7 21. Rfc1 Rxc1+ 22. Rxc1 Rc8 23. Rxc8+ Qxc8 24. Qc1 Qxc1+ 25. Bxc1 Bd7 26. Kf1 Bf8 27. Bd5 Bc5 28. Ke1 Kf8 29. Bxh6+ Ke7 30. Bc1 a5 31. Kd1 b4 32. Kc2 Bg4 33. f3 Bd7 34. axb4 Bxb4 35. Kb3 Bd6 36. Ba3 Bxa3 37. Kxa3 Bb5 38. h4 f6 39. Bb3 Be8 40. Ba4 Bf7 41. Bb5 g5 42. Ka4 gxh4 43. gxh4 Kf8 44. Kxa5 Kg7 45. Kb4 Kh6 46. Kc5 Bb3 47. Kxd4 1-0

[Event "Main Vogelsberg op 5th"]
[Site "Hanau"]
[Date "2010.04.30"]
[Round "3"]
[White "Beck, Manfred"]
[Black "Tran, My Linh"]
[Result "1-0"]
[WhiteElo "2046"]
[BlackElo "1801"]
[PlyCount "55"]
[EventDate "2010.04.28"]
[EventType "swiss"]
[EventRounds "7"]
[EventCountry "GER"]
[SourceTitle "CBM 136 Extra"]
[Source "ChessBase"]
[SourceDate "2010.07.02"]
[SourceVersion "2"]
[SourceVersionDate "2010.07.15"]
[SourceQuality "1"]

1. c4 e5 2. Nc3 Nc6 3. g3 f5 4. Bg2 Nf6 5. e3 Bb4 6. Nge2 d6 7. d4 Bxc3+ 8. Nxc3 0-0 9. 0-0 Qe8 10. Nd5 Qf7 11. b3 Be6 12. Nxf6+ Qxf6 13. d5 e4 14. Rb1 Ne5 15. dxe6 Qxe6 16. Qd5 Qxd5 17. cxd5 c6 18. dxc6 bxc6 19. Ba3 Rfd8 20. Rfd1 d5 21. Bb2 Nd7 22. Rbc1 Rac8 23. Bh3 g6 24. g4 Rf8 25. gxf5 gxf5 26. Rc2 h6 27. Rdc1 c5 28. Bd4 1-0

[Event "Hessen-ch Gr-C 62nd"]
[Site "Hanau"]
[Date "2008.03.21"]
[Round "4"]
[White "Beck, Manfred"]
[Black "Walda, Michael"]
[Result "1-0"]
[WhiteElo "1895"]
[BlackElo "1973"]
[PlyCount "127"]
[EventDate "2008.03.19"]
[EventType "swiss"]
[EventRounds "7"]
[EventCountry "GER"]
[SourceTitle "CBM 123 Extra"]
[Source "ChessBase"]
[SourceDate "2008.05.06"]
[SourceVersion "1"]
[SourceVersionDate "2008.05.06"]
[SourceQuality "1"]

1. c4 Nf6 2. Nc3 e6 3. e4 Bb4 4. e5 Bxc3 5. dxc3 Ng8 6. Qg4 g6 7. Bg5 f6 8. exf6 Kf7 9. Nf3 d6 10. 0-0-0 Nd7 11. c5 Ngxf6 12. Qh4 d5 13. Bd3 Qf8 14. Bh6 Qe7 15. Rhe1 Nxc5 16. Ne5+ Ke8 17. Bg5 Rf8 18. Re3 Nxd3+ 19. Rdxd3 h6 20. Qxh6 Qh7 21. Qxh7 Nxh7 22. Bh4 g5 23. Bg3 Rf5 24. Rf3 c6 25. Rde3 Kf8 26. Ng4 Rxf3 27. Rxf3+ Kg7 28. Be5+ Kg6 29. Bd4 e5 30. Nxe5+ Kh6 31. Rf7 Be6 32. Rxb7 Rc8 33. Rxa7 c5 34. Be3 d4 35. Bd2 Nf6 36. Ra6 Re8 37. h4 Ne4 38. Bxg5+ Kg7 39. Ra7+ Kg8 40. f3 Ng3 41. Re7 Rxe7 42. Bxe7 Bxa2 43. Bxc5 dxc3 44. bxc3 Nf5 45. Bf2 Kg7 46. c4 Bb3 47. Kb2 Bd1 48. Kc3 Kf6 49. Ng4+ Ke6 50. Ne3 Be2 51. Nxf5 Kxf5 52. Be3 Bf1 53. g4+ Kg6 54. h5+ Kf7 55. g5 Be2 56. Kd4 Bxf3 57. h6 Bd1 58. Ke5 Bc2 59. Kd6 Ke8 60. c5 Kd8 61. c6 Kc8 62. c7 Bf5 63. Bf4 Be4 64. Ke7 1-0

[Event "Hessen-ch Gr-C 62nd"]
[Site "Hanau"]
[Date "2008.03.19"]
[Round "1"]
[White "Schnegelsberg, Karl Heinz"]
[Black "Beck, Manfred"]
[Result "1/2-1/2"]
[WhiteElo "2044"]
[BlackElo "1895"]
[PlyCount "85"]
[EventDate "2008.03.19"]
[EventType "swiss"]
[EventRounds "7"]
[EventCountry "GER"]
[SourceTitle "CBM 123 Extra"]
[Source "ChessBase"]
[SourceDate "2008.05.06"]
[SourceVersion "1"]
[SourceVersionDate "2008.05.06"]
[SourceQuality "1"]

1. Nf3 c5 2. g3 g6 3. Bg2 Bg7 4. 0-0 Nf6 5. d3 Nc6 6. e4 d6 7. Nbd2 0-0 8. c3 Bg4 9. h3 Bxf3 10. Qxf3 e5 11. Nc4 Rb8 12. Be3 b5 13. Nd2 b4 14. Nc4 Na5 15. cxb4 Nxc4 16. dxc4 Rxb4 17. Qe2 Qc7 18. Rad1 Nd7 19. Rd2 Rd8 20. Rfd1 Nf8 21. h4 Ne6 22. Rd5 Nd4 23. Bxd4 cxd4 24. b3 a5 25. Rd3 a4 26. Rb5 Rb8 27. Rf3 R8xb5 28. cxb5 axb3 29. axb3 Qb7 30. Bf1 d3 31. Qxd3 Rd4 32. Qc2 Qxe4 33. Qc6 f5 34. Bc4+ d5 35. Re3 Rd1+ 36. Bf1 Qb1 37. Kh2 Rxf1 38. Qxd5+ Kf8 39. Qd8+ Kf7 40. Qd7+ Kf8 41. Qd8+ Kf7 42. Qd5+ Kf8 43. Qd8+ 1/2-1/2

[Event "Main Vogelsberg-ch"]
[Site "Grossauheim"]
[Date "2004.11.14"]
[Round "3"]
[White "Beck, Manfred"]
[Black "Unruh, Jens Uwe"]
[Result "1/2-1/2"]
[WhiteElo "1897"]
[BlackElo "1776"]
[PlyCount "42"]
[EventDate "2004.11.13"]
[EventType "swiss"]
[EventRounds "7"]
[EventCountry "GER"]
[SourceTitle "EXT 2022"]
[Source "ChessBase"]
[SourceDate "2021.10.06"]
[SourceVersion "1"]
[SourceVersionDate "2021.10.06"]
[SourceQuality "1"]

1. c4 e6 2. Nc3 d5 3. cxd5 exd5 4. d4 Nf6 5. Bg5 Be7 6. Nf3 0-0 7. e3 b6 8. Bd3 h6 9. Bh4 Bb7 10. 0-0 Nbd7 11. Rc1 Rc8 12. Bb1 Ne4 13. Bxe7 Qxe7 14. Qd3 Ndf6 15. Ne5 c5 16. f3 Nxc3 17. bxc3 g6 18. Qd2 Nd7 19. f4 Nxe5 20. fxe5 Qg5 21. Qf2 Ba6 1/2-1/2

[Event "MVS-ch M"]
[Site "Grossauheim"]
[Date "2000.11.18"]
[Round "1"]
[White "Hankel, Wolf Heinrich"]
[Black "Beck, Manfred"]
[Result "1/2-1/2"]
[WhiteElo "1812"]
[BlackElo "1949"]
[PlyCount "73"]
[EventDate "2000.11.18"]
[EventType "swiss"]
[EventRounds "6"]
[EventCountry "GER"]
[SourceTitle "EXT 2003"]
[Source "ChessBase"]
[SourceDate "2002.11.25"]
[SourceVersion "1"]
[SourceVersionDate "2002.11.25"]
[SourceQuality "1"]

1. Nf3 c5 2. g3 Nc6 3. Bg2 g6 4. 0-0 Bg7 5. d3 d5 6. Nbd2 Nf6 7. c4 0-0 8. a3 Bg4 9. Rb1 Rc8 10. cxd5 Nxd5 11. Nc4 Nd4 12. Nxd4 cxd4 13. Re1 b5 14. Nd2 Qd7 15. Nf3 h6 16. Bd2 e5 17. Rc1 Be6 18. Rxc8 Rxc8 19. Qb1 Nb6 20. Rc1 Na4 21. Rxc8+ Qxc8 22. Qc1 Qxc1+ 23. Bxc1 a5 24. Nd2 b4 25. axb4 axb4 26. Bc6 Nc5 27. Bb5 f5 28. Bc4 Kf7 29. Kf1 e4 30. Ke1 Bxc4 31. Nxc4 exd3 32. Bd2 dxe2 33. Kxe2 b3 34. Bb4 d3+ 35. Ke3 Na4 36. Ba3 Ke6 37. Kxd3 1/2-1/2